ドボンクイズ〜日本の大学〜① - Statistics

General Stats
  • This quiz has been taken 1,173 times
  • The average score is 6 of 28
Answers on the Grid
Answers color-coded by a green-red scale on the quiz's grid according to % correct below.
愛知大学
愛知工芸大学
愛知産業大学
愛知文教大学
青森中央学院大学
秋田薬科大学
旭川医科大学
麻布台大学
足利大学
茨城キリスト教大学
医療創成大学
岩手医科大学
栃木共和大学
叡明大学
浦和大学
江戸川大学
奥羽大学
大阪歯科大学
大阪造形大学
大阪観光大学
大阪教養大学
大阪総合保育大学
大阪電気通信大学
岡山学院大学
沖縄キリスト教学院大学
鹿児島医科大学
金沢美術工芸大学
神奈川学院大学
関西医療福祉大学
関東学園大学
九州女子大学
京都府立大学
京都産業大学
京都保健大学
久留米大学
健康科学大学
国際大学
国際武道大学
神戸女子大学
神戸学園大学
 
Answer Stats
Answer % Correct
京都産業大学
53%
愛知大学
46%
旭川医科大学
44%
江戸川大学
43%
久留米大学
41%
京都府立大学
36%
足利大学
29%
大阪電気通信大学
29%
神戸女子大学
29%
岩手医科大学
25%
愛知産業大学
23%
関東学園大学
21%
茨城キリスト教大学
19%
大阪観光大学
19%
国際武道大学
19%
奥羽大学
18%
浦和大学
17%
金沢美術工芸大学
17%
大阪歯科大学
12%
九州女子大学
12%
国際大学
12%
愛知文教大学
11%
岡山学院大学
10%
健康科学大学
8%
青森中央学院大学
7%
沖縄キリスト教学院大学
7%
医療創成大学
4%
大阪総合保育大学
3%
No matching quizzes found
Score Distribution
Percent of People with Each Score
Percentile by Number Answered
Your Score History
You have not taken this quiz